| 000 | 00878nam a2200253 a 4500 | ||
|---|---|---|---|
| 001 | 000019395 | ||
| 005 | 20200929170015.0 | ||
| 008 | 100628s1991 sp a 000 m spa d | ||
| 020 | _a8400068815 | ||
| 040 |
_aDO-SdBNP _bspa _cBNPHU |
||
| 082 |
_aA863.42 _bG965d, 1991 |
||
| 100 | 1 |
_aGüiraldes, Ricardo, _d1886-1927. _923727 |
|
| 245 | 1 | 0 |
_aDon segundo sombra / _cRicardo Güiraldes ; edición crítica de Paul Verdevoye. |
| 250 | _a2a ed. | ||
| 260 |
_aMadrid : _bConsejo Superior de Investigaciones Científicas, _c1991. |
||
| 300 |
_aLXV, 469, [8] p. : _bil. ; _c25 cm. |
||
| 490 | 1 |
_aArchivos _v2 |
|
| 500 | _aIncluye referencias bibliográficas y notas al pie de las páginas | ||
| 650 | 4 |
_aNovela argentina _93941 |
|
| 650 | 4 |
_aLiteratura argentina _ySIGLO XX _914711 |
|
| 700 | 1 |
_aVerdevoye, Paul, _ecoord. _941648 |
|
| 830 | 0 |
_aArchivos ; _v2 _914634 |
|
| 049 | _aBNGR | ||
| 999 |
_c18911 _d18911 |
||